Kann die ECU die DM verdrängen?

Vývoj k európskej hospodárskej a menovej únii. Závery z Maastrichtu a kroky k menovej únii od Európskeho menového inštitútu, ku koordinácii menových politík. Postup pri prechode k 3. stupňu (menovej únii). Kritéria konvergencie členských štátov menovej únie (cenová stabilita, zrušenie úrokových dife...

Full description

Saved in:
Bibliographic Details
Main Author: Thiemann, B.
Format: Book Chapter
Language:German
Subjects:
Tags: Add Tag
No Tags, Be the first to tag this record!

MARC

LEADER 00000naa a2200000 4500
001 r007921
005 20221208123442.4
041 0 |a ger 
044 |a DE 
245 1 0 |a Kann die ECU die DM verdrängen?  |c B. Thiemann 
520 |a Vývoj k európskej hospodárskej a menovej únii. Závery z Maastrichtu a kroky k menovej únii od Európskeho menového inštitútu, ku koordinácii menových politík. Postup pri prechode k 3. stupňu (menovej únii). Kritéria konvergencie členských štátov menovej únie (cenová stabilita, zrušenie úrokových diferencií, rozpočtová disciplína) ku 3. stupňu a jej budovanie. Problémy s identifikáciou s vlastnou menou (DM) a ECU. Dôvera občanov v novú menu. Rozšírenie počtu členských krajín menovej únie. Oficiálne a privátne ECU. 
610 2 0 |a únie menové 
610 2 0 |a integrácia ekonomická 
610 2 0 |a Európa 
610 2 0 |a stabilita cien 
610 2 0 |a mena 
610 2 0 |a úrok 
610 2 0 |a marka 
610 2 0 |a rozpočtovníctvo 
610 2 0 |a ECU 
100 1 |a Thiemann, B.